Szczegóły MARC21

Życie intymne osób niepełnosprawnych /

003 -Nazwa inst., której nr kontr. jest w polu 001 [,]
    • @
    • Nazwa instytucji, której n kontrolny jest w polu 001
    • NUKAT
005 -DATA I CZAS OSTATNIEJ MODYFIKACJI [,]
    • @
    • pole kontrolne
    • 20241231113458.0
020 -Międzynarod. znormalizowany nr książki - ISBN [ , ]
    • a
    • Numer ISBN
    • 8390150565 Find
    • q
    • Dopowiedzenie
    • oprawa miękka
040 -Instytucja sporządzająca opis [ , ]
    • a
    • Instytucja, która sporządziła opis (NP)
    • BSTOK U/AO
    • b
    • Język katalogowania
    • pol
    • e
    • Zasady katalogowania
    • rda
    • c
    • Instytucja, która sporządziła rekord (NP)
    • BSTOK U/AO
942 -Rodzaj dokumentu [ , ]
    • c
    • Rodzaj dokumentu
    • Książka
100 -Hasło główne - nazwa osobowa [1, ]
    • a
    • Nazwa osobowa (NP)
    • Lew-Starowicz, Zbigniew
    • d
    • Daty biograficzne (NP)
    • (1943-2024).
    • e
    • Rodzaj współpracy
    • Autor
    • 9
    • KHW
    • 13453
245 -Strefa tytułu i oznaczenia odpowiedzialności [1,0]
    • a
    • Tytuł
    • Życie intymne osób niepełnosprawnych / Find
    • c
    • Pozostałe elementy strefy tytułu i oznaczenia odpowiedzialności (NP)
    • Zbigniew Lew-Starowicz.
250 -Strefa wydania [ , ]
    • a
    • Oznaczenie wydania (NP)
    • Wydanie I.
260 -Strefa adresu wydawniczego [ , ]
    • a
    • Miejsce wydania (P)
    • Warszawa :
    • b
    • Nazwa wydawcy (P)
    • Wydawnictwo SEVERUS,
    • c
    • Data wydania (P)
    • 1999.
300 -Strefa opisu fizycznego [ , ]
    • a
    • Określenie formy książki i/lub objętość (NP)
    • 71, [1] strona :
    • b
    • Oznaczenie ilustracji (NP)
    • ilustracje ;
    • c
    • Format (NP)
    • 21 cm.
336 -Typ zawartości [ , ]
    • a
    • Termin opisujący typ zawartości
    • Tekst
    • b
    • Kod określający zawartość
    • txt
    • 2
    • Źródło (terminu i kodu)
    • rdacontent
337 -Typ mediów [ , ]
    • a
    • Tryb odtwarzania
    • Bez urządzenia pośredniczącego
    • b
    • Kod typu mediów
    • n
    • 2
    • Źródło (terminu i kodu)
    • rdamedia
338 -Typ/rodzaj nośnika [ , ]
    • a
    • Hasło opisujące typ nośnika
    • Wolumin
    • b
    • Kod typu nośnika
    • nc
    • 2
    • Źródło (terminu i kodu)
    • rdacarrier
380 -Deskryptor - Forma dzieła (P) [ , ]
    • a
    • forma dzieła (NP)
    • Książki
385 -Deskryptor - grupa odbiorców (P) [ , ]
    • a
    • termin określający odbiorcę (P)
    • Seksuolodzy
388 -Deskryptor - czas powstania dzieła (P) [1, ]
    • a
    • Czas powstania dzieła (NP)
    • 1901-2000
388 -Deskryptor - czas powstania dzieła (P) [1, ]
    • a
    • Czas powstania dzieła (NP)
    • 1989-2000
080 -Uniwersalna Klasyfikacja Dziesiętna [ , ]
    • a
    • Symbol klasyfikacji
    • 613.88-056.26
650 -Hasło przedmiotowe [ ,7]
    • a
    • Hasło przedmiotowe
    • Życie seksualne
    • 2
    • Źródło terminu
    • DBN
    • 9
    • KHW
    • 723313
650 -Hasło przedmiotowe [ ,7]
    • a
    • Hasło przedmiotowe
    • Niepełnosprawność.
    • 2
    • Źródło terminu
    • kaba
    • 9
    • KHW
    • 172888
650 -Hasło przedmiotowe [ ,7]
    • a
    • Hasło przedmiotowe
    • Osoby z niepełnosprawnością ruchową
    • x
    • Określnik rzeczowy
    • seksualność.
    • 2
    • Źródło terminu
    • kaba
    • 9
    • KHW
    • 714136
650 -Hasło przedmiotowe [ ,7]
    • a
    • Hasło przedmiotowe
    • Osoby z niepełnosprawnością
    • x
    • Określnik rzeczowy
    • seksualność.
    • 2
    • Źródło terminu
    • kaba
    • 9
    • KHW
    • 436423
650 -Hasło przedmiotowe [ ,7]
    • a
    • Hasło przedmiotowe
    • Seksualność
    • 2
    • Źródło terminu
    • DBN
    • 9
    • KHW
    • 721994
658 -Ujęcie treści [ , ]
    • a
    • dziedzina nauki i sztuki/ sfera aktywności życiowej
    • Medycyna i zdrowie
980 -Symbol UKD [ , ]
    • a
    • UKD
    • 613.88-056.26
710 -Hasło dodatkowe - nazwa ciała zbiorowego [2, ]
    • a
    • Nazwa ciała zbiorowego lub nazwa geograficzna jako pierwszy element (NP)
    • Wydawnictwo Severus.
    • e
    • Rodzaj współpracy
    • Wydawca
    • 4
    • Kod relacji
    • pbl
    • 9
    • KHW
    • 713987
920 -ISBN [ , ]
    • a
    • ISBN
    • 83-901505-6-5 Find
    • q
    • Dopowiedzenie
    • oprawa miękka
Data inwentaryzacji Lokalizacja Status udost. Numer inwentarzowy Sygnatura
2000-08-22BG-3W.203163W.203163
2000-08-22BG-3W.203164W.203163
2000-08-22BG-3W.203165W.203163
2000-08-22BG1Pd.13638